| 000 | 00351nam a22001217a 4500 | ||
|---|---|---|---|
| 082 | _a220 PRO | ||
| 100 |
_aRAZA ABBAS,ABDUR RAFE, _971666 |
||
| 245 | _aPR-SOF-1358-ANTI PERSONNEL TRAINING MINE SIMULATOR APTMS | ||
| 260 |
_aISLAMABAD _bNUST COLLEGE OF EME _c2014 |
||
| 650 | _a DE-MTS-32 | ||
| 700 |
_a DR JAVAID IQBAL, UMER IZHAR _971667 |
||
| 942 | _cCR | ||
| 999 |
_c578063 _d578063 |
||